000 00681cam a22002293a 4500
001 4355
003 PGUSA
005 20140828083052.0
008 030801s2003||||xxu|||||s|||||000 | eng d
040 _aPGUSA
_beng
042 _adc
050 4 _aF396
100 1 _aAbbott, John S. C.
_q(John Stevens Cabot),
_d1805-1877
245 1 0 _aDavid Crockett :
_bHis Life and Adventures
_h[electronic resource] /
_cJohn S. C. Abbott
260 _bProject Gutenberg,
_c2003
506 _aPublic domain in the USA.
516 _aElectronic text
653 _aCrockett, Davy, 1786-1836
830 0 _aProject Gutenberg
_v4355
856 4 0 _uhttp://www.gutenberg.org/ebooks/4355
942 _cEB
999 _c233684
_d233684